|
|
|
|
| LEADER |
00000cam a2200000 a 4500 |
| 001 |
vtls001514993 |
| 003 |
SK-MaSNL |
| 005 |
20260302073827.0 |
| 008 |
240314s1561 fr a lat |
| 015 |
|
|
|a SNBHFA1561
|
| 035 |
|
|
|a 3C5C6595-044D-4B50-A404-3C00906CEB63
|
| 035 |
|
|
|a urn:nbn:sk:snk-amybtk
|
| 035 |
|
|
|a urn:nbn:sk:snk-am00cdsm
|
| 040 |
|
|
|a SNKHF
|b slo
|c SNK
|e AACR2
|
| 041 |
|
|
|a lat
|
| 044 |
|
|
|a fr
|c FR
|
| 100 |
1 |
|
|a Wolfhart, Konrad,
|d 1518-1561
|4 aut
|9 360228
|
| 245 |
1 |
0 |
|a Apophthegmatvm Ex Optimis Vtrivsqve Lingvae Scriptoribvs
|c Per Conradvm Lycosthenem Rubeaquensem collectorum, Loci Communes, denuò aucti ﮟ recogniti. Ad ordinem alphabeticum redacti
|
| 260 |
|
|
|a Lvgdvni
|b Apud Antonivm Vincentium. Excudebat Symphorianus Barbier
|c 1561
|
| 300 |
|
|
|a [22], 1130, [22] s.
|c 17 cm
|
| 500 |
|
|
|a Signet, iniciálky s ornamentálnym a figurálnym pozadím v rámčeku na 5, 7, 8 r., kustódy, rukopisné poznámky v latinčine
|
| 500 |
|
|
|a Poškodený titulný list
|
| 508 |
|
|
|a Príl. b.: Kirchmeyer, Thomas; Bech, Philipp
|
| 510 |
4 |
|
|a CCE L/1664
|
| 561 |
|
|
|a Rkp. M: Sokolowski.
|5 SNK ID 99524
|
| 561 |
|
|
|a Rkp. [...] - Johannes Dutschke Steinensis Silesi9 concionatur [...] Staicinae Austriae inferioris 1629.
|5 SNK ID 99524
|
| 561 |
|
|
|a Rkp. Ex Libris Josephi Schmied [?].
|5 SNK ID 99524
|
| 561 |
|
|
|a Z knižnice Antona Augustína Baníka.
|5 SNK ID 99524
|
| 563 |
|
|
|a Väzba pôvodná, renesančná, bledohnedá koža s ornamentálnou a figurálnou slepotlačou, poškodená
|5 SNK ID 99524
|
| 700 |
1 |
|
|a Vincent, Antoine,
|d zomrel 1568
|4 prt
|9 339063
|
| 700 |
1 |
|
|a Barbier, Symphorien,
|d 16. storočie
|4 prt
|9 72020
|
| 700 |
1 |
|
|a Bech, Philipp
|4 dto
|9 530950
|
| 700 |
1 |
|
|a Kirchmeyer, Thomas,
|d 1511-1563
|4 dto
|9 128617
|
| 700 |
1 |
|
|a Sokolowski, M.
|4 fmo
|9 72021
|
| 700 |
1 |
|
|a Dutschke, Johannes
|d 1629
|4 fmo
|9 738703
|
| 700 |
1 |
|
|a Schmied, Joseph [?]
|4 fmo
|9 738704
|
| 710 |
0 |
|
|a Vincent, Antoine; excud. Barbier, Symphorien (Lyon, Francúzsko)
|4 prt
|9 738705
|
| 752 |
|
|
|a Francúzsko
|d Lyon
|
| 852 |
|
|
|a snk
|b Baníkova knižnica
|p ID 99524
|
| 958 |
|
|
|a ONDV
|
| 999 |
|
|
|c 1162587
|d 1164517
|
| 952 |
|
|
|t Bk 150
|a SNK
|b SNK
|c SNK_HF
|y PREZ
|7 0
|p 17A1129794
|o snkID 99524
|i snk2017/898
|8 5
|0 0
|1 0
|4 0
|d 2005-04-05
|f 1
|l 0
|r 2005-04-05 00:00:00
|w 2026-02-24
|